000
00302nam a2200133Ia 4500
008
231129s2002||||xx |||||||||||||| ||spa||
020
_a
11/3/59
040
_b
spa
082
_a
781.62 M985
245
0
_a
Musicas en transicion
260
_c
2002
264
_a
Ministerio de Cultura
942
_2
ddc
_c
BKS
999
_c
21543
_d
21543